Chelsea Results 2024-25 Premier League - Statistics

General Stats
  • This quiz has been taken 92 times
  • The average score is 25 of 38
Answer Stats
Fixtures Answer % Correct
Manchester City (H) 0-2
96%
Wolves (A) 2-6
81%
Manchester United (A) 1-1
76%
Liverpool (A) 2-1
76%
Bournemouth (A) 0-1
73%
Arsenal (H) 1-1
73%
Liverpool (H) 3-1
73%
Crystal Palace (H) 1-1
72%
Nottingham Forest (H) 1-1
72%
Ipswich (A) 2-0
72%
West Ham (A) 0-3
69%
Manchester United (H) 1-0
69%
Tottenham (A) 3-4
69%
Nottingham Forest (A) 0-1
68%
Fulham (H) 1-2
68%
Newcastle (H) 2-1
68%
Brighton (H) 4-2
68%
Crystal Palace (A) 1-1
66%
Brentford (H) 2-1
66%
Tottenham (H) 1-0
65%
Leicester (A) 1-2
65%
Newcastle (A) 2-0
65%
Manchester City (A) 3-1
65%
Everton (A) 0-0
64%
Arsenal (A) 1-0
64%
Ipswich (H) 2-2
64%
Fulham (A) 1-2
62%
Southampton (A) 1-5
62%
Aston Villa (H) 3-0
62%
Bournemouth (H) 2-2
61%
Everton (H) 1-0
59%
Wolves (H) 3-1
59%
Southampton (H) 4-0
59%
Leicester (H) 1-0
58%
Aston Villa (A) 2-1
54%
West Ham (H) 2-1
53%
Brighton (A) 3-0
51%
Brentford (A) 0-0
47%
No matching quizzes found
Score Distribution
Percent of People with Each Score
Percentile by Number Answered
Your Score History
You have not taken this quiz